Материалы к протоколам №№ 731-739 заседаний Малого Совнаркома за август 1921 г.

Доступно только в Электронных читальных залах Найти на картеНа карте
RUSMARC
00004034nac2a22002891x 450
00148fc759f-7cb5-4eb7-ad2d-5cf24d1aa0c1
00520160519125617.0
100##$a20160331l19211921k y0rusy50 ca
1010#$arus
102##$aRU
105##$ay z |||||
1222#$ad19210815
$ad19210829
1220#$ad192108
2001#$aМатериалы к протоколам №№ 731-739 заседаний Малого Совнаркома за август 1921 г.
$j15-29 августа 1921
215##$a141 лист
251##$cДело
300##$aЗаголовок дела на папке: Материалы к протоколам №№ 731-739 заседаний Малого Совета Народных Комиссаров за август 1921 года
300##$aМашинописный текст
324##$aВ деле имеются копии отдельных документов
330##$aВходит в раздел описи: Управление Делами Секретариат. I. Протоколы. б/ Протоколы Малого Совета Народных Комиссаров
461#0$1001ad6baeac-e292-4829-90d1-2f4f65796a62
$12001
$aСОВЕТ НАРОДНЫХ КОМИССАРОВ РСФСР (СНК РСФСР)
$1251
$cФонд
$1852
$j130
$gР
462#0$1001749580a7-5abb-40c4-a39c-e540631a040a
$12001
$a1921 г.
$vД. 342
$1251
$cОпись
$1852
$j5
5171#$aМатериалы к протоколам №№ 731-739 заседаний Малого Совета Народных Комиссаров за август 1921 года
60101$3RU\NLR\AUTH\661074810
$aРСФСР
$bСовет Народных Комиссаров
801#0$aRU
$bGA_RF
801#1$aRU
$bНПО Опыт
$c20160331
$2rusmarc
801#2$aRU
$bПБ им. Б.Н. Ельцина
$c20160519
$gRCR
$2rusmarc
852##$aГА РФ
$j342
937##$d74995835
$hПБ
035##$aRuPRLIB51038185
Формат отображения